000 00890cab a22001935a 4500
001 L145559
008 081021s2008 xxk f g 000 0 eng d
035 _a(Sirsi) u145559
041 0 _aeng
100 1 _aSamuels, Eric
245 0 0 _aMaterial change of use in the higher education world?
260 _c2008
490 _aJournal of Property Law
_vIssue 8, 1090-1092(3)
520 _aDiscusses the lack of clarity in relation to material and non-material changes of use, specifically as regards university campuses. Asserts that change of use is a matter of 'fact and degree' and suggests that change of use requests for seperate sections or 'hived off' areas off a campus are more likely to be granted than for areas integral to the main campus.
590 _aKA
651 4 _aUnited Kingdom
_y
690 _aPROPERTY-COMMERCIAL PROPERTY-COMMERCIAL PROPERTY DEVELOPMENT
942 _n0
999 _c80873
_d80873